| 000 | 00586nam a22001817a 4500 | ||
|---|---|---|---|
| 005 | 20251013110634.0 | ||
| 020 | _a9781032089447 | ||
| 082 | _a658562Su HEY/R | ||
| 100 |
_aHeydari, Mohammad _92874 |
||
| 245 |
_aRisk management in supply chains: _busing linear and non linear models/ _cMohammad Heydari, Kin Keung Lai, Zhou Xiaohu |
||
| 260 |
_aOxon: _bRoutledge, _c2020. |
||
| 300 | _axiv, 250p. | ||
| 490 | _aRoutledge Advances in risk management | ||
| 650 |
_aSupply chain management _91628 |
||
| 700 |
_aKeung Lai, Kin _92875 |
||
| 700 |
_aXiaohu, Zhou _92876 |
||
| 942 |
_cBK _2ddc |
||
| 999 |
_c707064 _d707064 |
||